NFL Plays With Nicknames - Statistics

General Stats
  • This quiz has been taken 26 times
  • The average score is 6 of 10
Answer Stats
Hint Answer % Correct
Bears kicker Cody Parkey misses a potential game winning field goal off the upright and the crossbar in a 2019 NFC Wild Card game Double Doink
76%
Giants receiver David Tyree pins the ball against his head for a spectacular catch, setting the Giants up to win Super Bowl XLII Helmet Catch
76%
Eagles QB Nick Foles catches a trick play touchdown pass from tight end Trey Burton in Super Bowl LII Philly Special
76%
Seahawks running back Marshawn Lynch breaks 9 tackles en route to a 67 yard playoff touchdown. Seahawks fans' celebrations register on a nearby seismograph Beast Quake
67%
Jets QB Mark Sanchez runs into the back of his own offensive lineman, fumbling the ball Butt Fumble
67%
Vikings receiver Stefon Diggs scores a 61 yard touchdown as time expires in a 2018 NFC Divisional playoff game Minneapolis Miracle
62%
In a 1972 AFC Divisional playoff game, a Steelers pass bounces backward off of a Raider's helmet before being caught by Steelers fullback Franco Harris for a game-winning touchdown Immaculate Reception
57%
On the final play of the game, Packers safety MD Jennings and Seahawks receiver Golden Tate appear to catch Russell Wilson's Hail Mary simultaneously Fail Mary
38%
A questionably backward lateral from Titans tight end Frank Wycheck results in a 75 yard game winning playoff touchdown by Kevin Dyson. Music City Miracle
24%
Raiders QB Ken Stabler fumbles the ball forward. Several other Raiders push the ball forward before falling on it in the end zone for a game winning touchdown Holy Roller
10%
No matching quizzes found
Score Distribution
Percent of People with Each Score
Percentile by Number Answered
Your Score History
You have not taken this quiz